| 000 | 01405cam a22003738i 4500 | ||
|---|---|---|---|
| 001 | 19484654 | ||
| 003 | DLC | ||
| 005 | 20170710172659.0 | ||
| 008 | 170207s2018 mnu j b 001 0 eng | ||
| 010 | _a 2016044369 | ||
| 020 | _a9781512433524 (hard lb : alk. paper) | ||
| 020 | _a9781512455526 (pb : alk. paper) | ||
| 040 |
_aDLC _beng _erda _cDLC |
||
| 042 | _apcc | ||
| 050 | 0 | 0 |
_aTD794 _b.K46 2018 |
| 082 | 0 | 0 |
_a628.4/42 _223 |
| 100 | 1 |
_aKenan, Tessa, _eauthor. |
|
| 245 | 1 | 0 |
_aHooray for garbage collectors! / _cby Tessa Kenan. |
| 260 |
_aMinneapolis : _bLerner Publications, _c[2018] |
||
| 264 | 1 |
_aMinneapolis : _bLerner Publications, _c[2018] |
|
| 300 |
_a24 pages :. _bcolor illustrations ; _c24 cm |
||
| 336 |
_atext _btxt _2rdacontent |
||
| 337 |
_aunmediated _bn _2rdamedia |
||
| 338 |
_avolume _bnc _2rdacarrier |
||
| 490 | 0 | _aBumba books? Hooray for community helpers | |
| 504 | _aIncludes bibliographical references and index. | ||
| 505 | 0 | _aKeeping communities clean -- Garbage collector tools -- Picture glossary. | |
| 521 | 1 | _aAge 4-7. | |
| 521 | 2 | _aGrade Pre-school, excluding K. | |
| 650 | 0 |
_aRefuse collection _vJuvenile literature. |
|
| 776 | 0 | 8 |
_iOnline version: _aKenan, Tessa, author. _tHooray for garbage collectors! _dMinneapolis : Lerner Publications, [2018] _z9781512450347 _w(DLC) 2017006447 |
| 942 |
_2ddc _cBK |
||
| 999 |
_c18183 _d18183 |
||